|
|
|
|
| LEADER |
00000nab a2200000 a 4500 |
| 001 |
vtls009340065 |
| 003 |
SK-MaSNL |
| 005 |
20260304002023.0 |
| 008 |
080930c20080929xo drz 0 0slo |
| 038 |
|
|
|a KEVKJB
|
| 040 |
|
|
|a KEVKJB
|b slo
|c KEVKJB
|e AACR2
|
| 041 |
0 |
|
|a slo
|
| 044 |
|
|
|a xo
|c SK
|
| 080 |
|
|
|a 636.7
|2 2001
|
| 245 |
0 |
0 |
|a Psy majú v parku kútik
|b bude v kavečianskej zoo psí cintorín?
|c Jaroslav Vrábeľ
|
| 300 |
|
|
|b Fotogr.
|
| 650 |
0 |
7 |
|a psy
|2 kevkjb
|9 1288
|
| 650 |
0 |
7 |
|a psí výbeh
|2 kevkjb
|9 1279090
|
| 651 |
|
7 |
|a Košice (Slovensko)
|2 kevkjb
|9 18694
|
| 651 |
|
7 |
|a Mestský park (Košice, Slovensko)
|2 kevkjb
|9 873312
|
| 651 |
|
7 |
|a Staré Mesto (Košice I, Slovensko)
|2 kevkjb
|9 160203
|
| 773 |
0 |
|
|t Košický Korzár
|g Roč. XI, č. 225 (29.9.2008), s. 3
|x 1335-4566
|
| 852 |
|
|
|a KEVKJB
|b KIS3GCP
|
| 999 |
|
|
|c 2539876
|d 2541806
|